<?xml version="1.0" encoding="UTF-8"?>
<record
    xmlns:xsi="http://www.w3.org/2001/XMLSchema-instance"
    xsi:schemaLocation="http://www.loc.gov/MARC21/slim http://www.loc.gov/standards/marcxml/schema/MARC21slim.xsd"
    xmlns="http://www.loc.gov/MARC21/slim">

  <leader>01173nam a22002657a 4500</leader>
  <controlfield tag="001">8</controlfield>
  <controlfield tag="003">BR-CuiBMT</controlfield>
  <controlfield tag="005">20230913145711.0</controlfield>
  <controlfield tag="008">230711s2008    mtbaaaa      l000 0 por d</controlfield>
  <datafield tag="020" ind1=" " ind2=" ">
    <subfield code="a">9788588696600</subfield>
  </datafield>
  <datafield tag="040" ind1=" " ind2=" ">
    <subfield code="a">BR-CuiBMT</subfield>
    <subfield code="c">BR-CuiBMT</subfield>
  </datafield>
  <datafield tag="080" ind1=" " ind2=" ">
    <subfield code="a">352:657.6</subfield>
    <subfield code="x">(817.2)</subfield>
    <subfield code="2">2007</subfield>
  </datafield>
  <datafield tag="090" ind1=" " ind2=" ">
    <subfield code="a">352:657.6(817.2)</subfield>
    <subfield code="b">C966m</subfield>
  </datafield>
  <datafield tag="110" ind1="2" ind2=" ">
    <subfield code="a">Cuiab&#xE1; (MT).</subfield>
    <subfield code="b">Prefeitura Municipal.</subfield>
    <subfield code="b">Auditoria e Controle Interno.</subfield>
  </datafield>
  <datafield tag="245" ind1="1" ind2="0">
    <subfield code="a">Manual de orienta&#xE7;&#xF5;es t&#xE9;cnicas sobre procedimentos de rotinas na administra&#xE7;&#xE3;o p&#xFA;blica municipal /</subfield>
    <subfield code="c">Prefeitura de Cuiab&#xE1;, Auditoria e Controle Interno - ACI.</subfield>
  </datafield>
  <datafield tag="246" ind1="3" ind2="4">
    <subfield code="a">Controle interno :</subfield>
    <subfield code="b">manual de orienta&#xE7;&#xF5;es t&#xE9;cnicas sobre procedimentos de rotinas na administra&#xE7;&#xE3;o p&#xFA;blica municipal</subfield>
  </datafield>
  <datafield tag="260" ind1=" " ind2=" ">
    <subfield code="a">Cuiab&#xE1; :</subfield>
    <subfield code="b">Central de Texto,</subfield>
    <subfield code="c">2008.</subfield>
  </datafield>
  <datafield tag="300" ind1=" " ind2=" ">
    <subfield code="a">190 p. :</subfield>
    <subfield code="b">il. ;</subfield>
    <subfield code="c">23 cm</subfield>
  </datafield>
  <datafield tag="504" ind1=" " ind2=" ">
    <subfield code="a">Inclui bibliografia.</subfield>
  </datafield>
  <datafield tag="650" ind1=" " ind2=" ">
    <subfield code="a">Administra&#xE7;&#xE3;o p&#xFA;blica municipal</subfield>
    <subfield code="z">Cuiab&#xE1; (MT)</subfield>
  </datafield>
  <datafield tag="650" ind1=" " ind2=" ">
    <subfield code="a">Administra&#xE7;&#xE3;o p&#xFA;blica municipal</subfield>
    <subfield code="x">Rotinas de procedimentos</subfield>
  </datafield>
  <datafield tag="650" ind1=" " ind2=" ">
    <subfield code="a">Controle interno</subfield>
    <subfield code="z">Cuiab&#xE1; (MT)</subfield>
  </datafield>
  <datafield tag="856" ind1="4" ind2=" ">
    <subfield code="u">http://www.cuiaba.mt.gov.br/upload/arquivo/Manual_ACI.pdf</subfield>
    <subfield code="y">Dispon&#xED;vel tamb&#xE9;m online.</subfield>
    <subfield code="9">12/01/2010</subfield>
  </datafield>
  <datafield tag="942" ind1=" " ind2=" ">
    <subfield code="2">udc</subfield>
    <subfield code="c">LV</subfield>
  </datafield>
  <datafield tag="952" ind1=" " ind2=" ">
    <subfield code="0">0</subfield>
    <subfield code="1">0</subfield>
    <subfield code="2">udc</subfield>
    <subfield code="4">0</subfield>
    <subfield code="7">0</subfield>
    <subfield code="a">BIBTCEMT</subfield>
    <subfield code="b">BIBTCEMT</subfield>
    <subfield code="d">2010-01-12</subfield>
    <subfield code="e">Doa&#xE7;&#xE3;o</subfield>
    <subfield code="l">0</subfield>
    <subfield code="o">352:657.6(817.2) C966m</subfield>
    <subfield code="p">BIBTCEMT23070009</subfield>
    <subfield code="r">2023-07-12</subfield>
    <subfield code="t">Ex. 1</subfield>
    <subfield code="w">2010-01-12</subfield>
    <subfield code="y">LV</subfield>
  </datafield>
  <datafield tag="952" ind1=" " ind2=" ">
    <subfield code="0">0</subfield>
    <subfield code="1">0</subfield>
    <subfield code="2">udc</subfield>
    <subfield code="4">0</subfield>
    <subfield code="7">0</subfield>
    <subfield code="a">BIBTCEMT</subfield>
    <subfield code="b">BIBTCEMT</subfield>
    <subfield code="d">2010-01-12</subfield>
    <subfield code="e">Doa&#xE7;&#xE3;o</subfield>
    <subfield code="l">0</subfield>
    <subfield code="o">352:657.6(817.2) C966m</subfield>
    <subfield code="p">BIBTCEMT23070010</subfield>
    <subfield code="r">2023-07-12</subfield>
    <subfield code="t">Ex. 2</subfield>
    <subfield code="w">2010-01-12</subfield>
    <subfield code="y">LV</subfield>
  </datafield>
  <datafield tag="952" ind1=" " ind2=" ">
    <subfield code="0">0</subfield>
    <subfield code="1">0</subfield>
    <subfield code="2">udc</subfield>
    <subfield code="4">0</subfield>
    <subfield code="7">0</subfield>
    <subfield code="a">BIBTCEMT</subfield>
    <subfield code="b">BIBTCEMT</subfield>
    <subfield code="d">2010-01-12</subfield>
    <subfield code="e">Doa&#xE7;&#xE3;o</subfield>
    <subfield code="l">0</subfield>
    <subfield code="o">352:657.6(817.2) C966m</subfield>
    <subfield code="p">BIBTCEMT23090018</subfield>
    <subfield code="r">2023-09-06</subfield>
    <subfield code="t">Ex. 3</subfield>
    <subfield code="w">2010-01-12</subfield>
    <subfield code="y">LV</subfield>
  </datafield>
  <datafield tag="952" ind1=" " ind2=" ">
    <subfield code="0">0</subfield>
    <subfield code="1">0</subfield>
    <subfield code="2">udc</subfield>
    <subfield code="4">0</subfield>
    <subfield code="7">0</subfield>
    <subfield code="a">BIBTCEMT</subfield>
    <subfield code="b">BIBTCEMT</subfield>
    <subfield code="d">2010-01-12</subfield>
    <subfield code="e">Doa&#xE7;&#xE3;o</subfield>
    <subfield code="l">0</subfield>
    <subfield code="o">352:657.6(817.2) C966m</subfield>
    <subfield code="p">BIBTCEMT23090019</subfield>
    <subfield code="r">2023-09-06</subfield>
    <subfield code="t">Ex. 4</subfield>
    <subfield code="w">2010-01-12</subfield>
    <subfield code="y">LV</subfield>
  </datafield>
  <datafield tag="952" ind1=" " ind2=" ">
    <subfield code="0">0</subfield>
    <subfield code="1">0</subfield>
    <subfield code="2">udc</subfield>
    <subfield code="4">0</subfield>
    <subfield code="7">0</subfield>
    <subfield code="a">BIBTCEMT</subfield>
    <subfield code="b">BIBTCEMT</subfield>
    <subfield code="d">2010-01-12</subfield>
    <subfield code="e">Doa&#xE7;&#xE3;o</subfield>
    <subfield code="l">0</subfield>
    <subfield code="o">352:657.6(817.2) C966m</subfield>
    <subfield code="p">BIBTCEMT23090020</subfield>
    <subfield code="r">2023-09-06</subfield>
    <subfield code="t">Ex. 5</subfield>
    <subfield code="w">2010-01-12</subfield>
    <subfield code="y">LV</subfield>
  </datafield>
  <datafield tag="999" ind1=" " ind2=" ">
    <subfield code="c">8</subfield>
    <subfield code="d">8</subfield>
  </datafield>
</record>
